[Event "Cappelle rapid op 2nd"]
[Site "Cappelle la Grande"]
[Date "2020.02.29"]
[Round "4"]
[White "Manet, Eric"]
[Black "Philippe, Guillaume"]
[Result "0-1"]
[WhiteElo "1896"]
[BlackElo "2371"]
[PlyCount "94"]
[EventDate "2020.02.29"]
[EventType "swiss (rapid)"]
[EventRounds "9"]
[EventCountry "FRA"]
[SourceTitle "CBM 195 Extra"]
[Source "ChessBase"]
[SourceDate "2020.05.31"]
[SourceVersion "1"]
[SourceVersionDate "2020.05.31"]
[SourceQuality "1"]

1. e4 c5 2. Nf3 e6 3. d4 cxd4 4. Nxd4 a6 5. c4 Nf6 6. Bd3 Nc6 7. Nxc6 dxc6 8. 0-0 e5 9. Nc3 Qc7 10. Kh1 Bc5 11. f3 0-0 12. Qe2 Re8 13. Be3 Nd7 14. Rfd1 Bd4 15. Rd2 Nc5 16. Bc2 Ne6 17. Rad1 b5 18. Bb3 b4 19. Nb1 a5 20. Ba4 Ba6 21. b3 Red8 22. f4 c5 23. f5 Nf8 24. Rd3 Bb7 25. Qg4 f6 26. Bc1 Ba1 27. h4 Rxd3 28. Rxd3 Rd8 29. Rg3 Rd4 30. Bh6 Rxe4 31. Qxg7+ Qxg7 32. Rxg7+ Kh8 33. Rf7 Rxh4+ 34. Kg1 Rxh6 35. Rxf8+ Kg7 36. Rb8 Bd4+ 37. Kf1 Rh1+ 38. Ke2 Bxg2 39. Nd2 Rh2 40. Kd1 Bc3 41. Be8 e4 42. Rb7+ Kh6 43. Re7 Be5 44. Bc6 e3 45. Nf3 Bxf3+ 46. Bxf3 Rxa2 47. Ra7 Rd2+ 0-1

[Event "Lille Luce op 7th"]
[Site "Lille"]
[Date "2016.04.11"]
[Round "4"]
[White "Moussard, Jules"]
[Black "Manet, Eric"]
[Result "1-0"]
[WhiteElo "2513"]
[BlackElo "1931"]
[PlyCount "37"]
[EventDate "2016.04.09"]
[EventType "swiss"]
[EventRounds "7"]
[EventCountry "FRA"]
[SourceTitle "CBM 171 Extra"]
[Source "ChessBase"]
[SourceDate "2016.04.26"]
[SourceVersion "1"]
[SourceVersionDate "2016.04.26"]
[SourceQuality "1"]

1. Nf3 Nf6 2. g3 g6 3. Bg2 Bg7 4. c4 c5 5. 0-0 Nc6 6. Nc3 0-0 7. d3 d6 8. a3 Nd7 9. Bd2 a6 10. Rb1 Nde5 11. Ne1 Be6 12. b4 cxb4 13. axb4 Rb8 14. Nc2 Ng4 15. b5 Nd4 16. Nb4 a5 17. Nbd5 Bxd5 18. Nxd5 b6 19. e3 1-0

[Event "Lille Luce op 7th"]
[Site "Lille"]
[Date "2016.04.09"]
[Round "1"]
[White "Manet, Eric"]
[Black "Lazarev, Vladimir"]
[Result "0-1"]
[WhiteElo "1931"]
[BlackElo "2383"]
[PlyCount "72"]
[EventDate "2016.04.09"]
[EventType "swiss"]
[EventRounds "7"]
[EventCountry "FRA"]
[SourceTitle "CBM 171 Extra"]
[Source "ChessBase"]
[SourceDate "2016.04.26"]
[SourceVersion "1"]
[SourceVersionDate "2016.04.26"]
[SourceQuality "1"]

1. c4 c5 2. Nc3 g6 3. g3 Bg7 4. Bg2 Nc6 5. e4 a6 6. Nge2 Rb8 7. a4 d6 8. d3 e6 9. 0-0 Nge7 10. Rb1 0-0 11. Bf4 h6 12. Be3 Qc7 13. Qd2 Kh7 14. b3 Nd4 15. b4 b6 16. b5 Bb7 17. bxa6 Nxe2+ 18. Nxe2 Bxa6 19. Nc3 Nc6 20. Nb5 Qd7 21. Bf4 Bxb5 22. axb5 Nd4 23. Rfe1 Ra8 24. Be3 Ra3 25. Bxd4 Bxd4 26. Rbc1 Rfa8 27. Rc2 Rb3 28. h3 Raa3 29. Rd1 Qe7 30. Qe2 Qf6 31. Bf1 d5 32. Kg2 dxc4 33. dxc4 h5 34. h4 Rf3 35. Qe1 g5 36. Be2 Rxf2+ 0-1

[Event "Lille Luce op 6th"]
[Site "Lille"]
[Date "2015.??.??"]
[Round "9.39"]
[White "Baude, Christian"]
[Black "Manet, Eric"]
[Result "0-1"]
[WhiteElo "1735"]
[BlackElo "1934"]
[PlyCount "70"]
[EventDate "2015.05.04"]
[EventType "swiss"]
[EventRounds "9"]
[EventCountry "FRA"]
[SourceTitle "EXT 2017"]
[Source "ChessBase"]
[SourceDate "2016.10.25"]
[SourceVersion "1"]
[SourceVersionDate "2016.10.25"]
[SourceQuality "1"]

1. Nf3 c5 2. g3 Nc6 3. Bg2 g6 4. c3 Bg7 5. 0-0 e5 6. d3 Nge7 7. Nbd2 0-0 8. Qc2 d6 9. Re1 Kh8 10. Nf1 f5 11. e3 Rb8 12. b3 Bd7 13. Bb2 f4 14. exf4 exf4 15. c4 Nf5 16. Bxg7+ Kxg7 17. Re4 Nfd4 18. Qb2 fxg3 19. Nxg3 Rxf3 20. Rxd4 Nxd4 21. Bxf3 Qf6 22. Qc1 Nxf3+ 23. Kg2 Nh4+ 24. Kf1 Bh3+ 25. Ke1 Nf3+ 26. Kd1 Qd4 27. Kc2 Qxf2+ 28. Kc3 Qd4+ 29. Kc2 Ne5 30. Qg5 Qxd3+ 31. Kb2 Qf3 32. Qe7+ Nf7 33. Ka3 b5 34. cxb5 Rxb5 35. Qxa7 Qc3 0-1

[Event "Lille Luce op 5th"]
[Site "Lille"]
[Date "2014.05.03"]
[Round "8"]
[White "Dumas, Victor"]
[Black "Manet, Eric"]
[Result "1/2-1/2"]
[WhiteElo "2082"]
[BlackElo "1915"]
[PlyCount "140"]
[EventDate "2014.04.28"]
[EventType "swiss"]
[EventRounds "9"]
[EventCountry "FRA"]
[SourceTitle "CBM 160 Extra"]
[Source "ChessBase"]
[SourceDate "2014.07.01"]
[SourceVersion "1"]
[SourceVersionDate "2014.07.01"]
[SourceQuality "1"]

1. e4 c5 2. Nf3 d6 3. d4 cxd4 4. Nxd4 Nf6 5. Nc3 a6 6. Be3 e5 7. Nb3 Be6 8. f3 Nbd7 9. Qd2 Be7 10. 0-0-0 0-0 11. g4 Nb6 12. Qf2 Nfd7 13. Kb1 Qc7 14. Nd5 Bxd5 15. exd5 Rac8 16. Na5 Na4 17. Qd2 Bd8 18. Nb3 b5 19. Bd3 Nab6 20. Bxb6 Nxb6 21. Be4 Nc4 22. Qd3 g6 23. h4 Qe7 24. Rh2 f6 25. Nd2 Nxd2+ 26. Qxd2 Bb6 27. c3 Rc7 28. Ka1 Rcc8 29. Bb1 Qc7 30. f4 exf4 31. Qxf4 Qe7 32. h5 Rc4 33. Qf3 Qe5 34. Re2 Qf4 35. Qxf4 Rxf4 36. hxg6 hxg6 37. Bxg6 Rxg4 38. Bf5 Rg3 39. Re7 Rg1 40. Rxg1+ Bxg1 41. Rd7 Bh2 42. Ra7 Re8 43. Be6+ Kh8 44. Rxa6 Kg7 45. Rb6 Kg6 46. Rxb5 f5 47. Kb1 f4 48. Kc2 f3 49. Kd2 Bf4+ 50. Kd3 Rf8 51. Ke4 Bg5 52. Bh3 Rf4+ 53. Kd3 Rh4 54. Bf1 Rh1 55. Be2 fxe2 56. Kxe2 Rh2+ 57. Kd3 Kf5 58. a4 Rh3+ 59. Kc4 Rh4+ 60. Kb3 Ke5 61. a5 Be3 62. a6 Rh8 63. Kb4 Ra8 64. Ka5 Bf2 65. b4 Be3 66. c4 Bf2 67. c5 dxc5 68. bxc5 Kxd5 69. Kb6 Rb8+ 70. Ka5 Rxb5+ 1/2-1/2

[Event "Aulnoye Aymeries op 10th"]
[Site "Aulnoye Aymeries"]
[Date "2013.07.25"]
[Round "8"]
[White "Manet, Eric"]
[Black "Renard, Stephane"]
[Result "1/2-1/2"]
[WhiteElo "1944"]
[BlackElo "1979"]
[PlyCount "41"]
[EventDate "2013.07.22"]
[EventType "swiss"]
[EventRounds "9"]
[EventCountry "FRA"]
[SourceTitle "EXT 2020"]
[Source "ChessBase"]
[SourceDate "2019.10.17"]
[SourceVersion "1"]
[SourceVersionDate "2019.10.17"]
[SourceQuality "1"]

1. e4 c5 2. Nf3 Nc6 3. d4 cxd4 4. Nxd4 Nf6 5. Nc3 e5 6. Ndb5 d6 7. Bg5 a6 8. Bxf6 gxf6 9. Na3 b5 10. Nd5 f5 11. exf5 Bxf5 12. c3 Bg7 13. Nc2 0-0 14. Nce3 Bg6 15. h4 Be4 16. Bd3 Bxd5 17. Nxd5 f5 18. h5 e4 19. Bc2 b4 20. Rh3 bxc3 21. bxc3 1/2-1/2

[Event "Aulnoye Aymeries op 8th"]
[Site "Aulnoye Aymeries"]
[Date "2011.07.26"]
[Round "3"]
[White "Renard, Stephane"]
[Black "Manet, Eric"]
[Result "1-0"]
[WhiteElo "1968"]
[BlackElo "1986"]
[PlyCount "91"]
[EventDate "2011.07.25"]
[EventType "swiss"]
[EventRounds "9"]
[EventCountry "FRA"]
[SourceTitle "EXT 2020"]
[Source "ChessBase"]
[SourceDate "2019.10.17"]
[SourceVersion "1"]
[SourceVersionDate "2019.10.17"]
[SourceQuality "1"]

1. f4 d5 2. Nf3 Nf6 3. d4 c5 4. c3 Qb6 5. e3 Nc6 6. Bd3 Bg4 7. Nbd2 e6 8. 0-0 0-0-0 9. b3 cxd4 10. cxd4 Bb4 11. Nb1 Kb8 12. Ba3 Bxf3 13. Qxf3 Bxa3 14. Nxa3 Nb4 15. Bb1 Rc8 16. Qe2 Rc3 17. Nc2 Na6 18. Ne1 Rhc8 19. Nf3 Nb4 20. Ne1 h6 21. a3 Nc6 22. b4 Ne7 23. g4 Ne4 24. Nd3 Qa6 25. a4 Qc4 26. Rd1 Qa6 27. Qb2 R3c7 28. Nc5 Nxc5 29. bxc5 e5 30. fxe5 Qe6 31. Qe2 h5 32. gxh5 Qh6 33. Bd3 Rg8 34. a5 g6 35. hxg6 Nxg6 36. Kh1 Nh4 37. Rg1 Rcc8 38. a6 bxa6 39. Bxa6 Rxg1+ 40. Rxg1 Kc7 41. Bxc8 Kxc8 42. Rg8+ Kc7 43. Qg4 Kc6 44. Rc8+ Kb5 45. Qe2+ Ka5 46. Qa2+ 1-0

[Event "Lille Luce op 1st"]
[Site "Lille"]
[Date "2010.04.03"]
[Round "1"]
[White "Manet, Eric"]
[Black "Riff, Vincent"]
[Result "0-1"]
[WhiteElo "1983"]
[BlackElo "2333"]
[PlyCount "37"]
[EventDate "2010.04.03"]
[EventType "swiss"]
[EventRounds "9"]
[EventCountry "FRA"]
[SourceTitle "EXT 2011"]
[Source "ChessBase"]
[SourceDate "2010.11.26"]
[SourceVersion "1"]
[SourceVersionDate "2010.11.26"]
[SourceQuality "1"]

1. e4 c5 2. Nf3 Nc6 3. d4 cxd4 4. Nxd4 e5 5. Nb5 d6 6. c4 Be7 7. Be2 a6 8. N5a3 Bg5 9. Nc3 Bxc1 10. Rxc1 Nge7 11. 0-0 0-0 12. Nc2 Ng6 13. Ne3 Be6 14. b3 Rc8 15. Bg4 Nf4 16. Bxe6 fxe6 17. Ne2 Qg5 18. Ng3 h5 19. Ne2 0-1

[Event "Le Touquet op"]
[Site "Le Touquet"]
[Date "2006.10.30"]
[Round "4"]
[White "Manet, Eric"]
[Black "Forthofer, Robert"]
[Result "0-1"]
[WhiteElo "1976"]
[BlackElo "2250"]
[PlyCount "62"]
[EventDate "2006.10.28"]
[EventType "swiss"]
[EventRounds "9"]
[EventCountry "FRA"]
[SourceTitle "EXT 2007"]
[Source "ChessBase"]
[SourceDate "2006.11.23"]
[SourceVersion "1"]
[SourceVersionDate "2006.11.23"]
[SourceQuality "1"]

1. e4 e6 2. d4 d5 3. Nc3 Bb4 4. e5 c5 5. a3 Bxc3+ 6. bxc3 Qc7 7. Nf3 b6 8. Bb5+ Bd7 9. Bxd7+ Nxd7 10. 0-0 Ne7 11. a4 Nc6 12. Ba3 Na5 13. Nd2 0-0 14. f4 Rfc8 15. f5 cxd4 16. fxe6 fxe6 17. Qg4 Re8 18. cxd4 Qxc2 19. Rf2 Qc3 20. Raf1 Qxa3 21. Rf7 Qe3+ 22. Kh1 Qh6 23. Rxd7 Rf8 24. Nf3 Nc4 25. Re1 a6 26. Ng5 Rae8 27. a5 Ne3 28. Qg3 Nf1 29. Qh3 Qxg5 30. Kg1 Nd2 31. axb6 Nf3+ 0-1